| 000 | 01085nam0a22003011 4500 | ||
|---|---|---|---|
| 001 | v19\rc\1819316 | ||
| 005 | 20250619132712.0 | ||
| 035 | _a(NLR Aleph) 004917567 | ||
| 090 |
_a5543271 _c5543272 |
||
| 100 | _a20071224d1907 |||y0rusy50 ca | ||
| 101 | 0 | _arus | |
| 102 | _aRU | ||
| 105 | _aa z ||||| | ||
| 200 | 1 | _aДоклад Николаевской на Амуре Комиссии по вопросу о сохранении порто-франко в Приамурьи | |
| 210 |
_aХабаровск _cНиколаев. гор. управа _d1907 |
||
| 215 |
_a59 с., 4 л. табл. _d22 |
||
| 309 | _aБез тит. л. | ||
| 710 | 0 | 2 | _aНиколаевская-на-Амуре комиссия по вопросу о сохранении порто-франко в Приамурье |
| 801 | 0 |
_aRU _bNLR _gpsbo |
|
| 801 | 0 |
_aRU _bRuMoRGB _2psbo |
|
| 801 | 1 |
_aRU _bProSoft-M _2rusmarc |
|
| 852 |
_aNLR _j34.85.7.515 |
||
| 899 |
_aRuMoRGB _jU 5/165 |
||
| 899 |
_aRuMoRGB _jФ 1-70/18594 |
||
| 899 |
_aRuMoRGB _jU 484/769 |
||
| 899 | _aБАН | ||
| 942 | _cBOOK | ||
| 980 | _aNB | ||